01409nab a22002417a 4500003000400000005001700004008004100021040000700062100002700069245020000096260007300296300001300369500004400382505035500426505009000781650002700871650002800898650002400926650002700950650001900977650003900996773013201035OSt20251023104912.0190603e xxum|||| |||| 00| 0 spa d cPJ aRuano, María Candela10aInmortalidad digital : bla inteligencia artificial como puente hacia la eternidad virtual. Privacidad, intimidad y los dilemas de la vida digital después de la muerte /cMaría Candela Ruano. cCiudad Autónoma de Buenos Aires :aThomson Reuters La Ley, b2025. ap. 81-89 aCita Online: TR LALEY AR/DOC/429/2025.  aSumario: I. Introducción.— II. Inmortalidad digital: la inteligencia artificial como puente hacia la eternidad virtual.— III. Nuevos alcances y perspectivas de los derechos a la privacidad e intimidad.— IV. Más allá de la vida: ¿merece tutela la privacidad e intimidad de la persona después de su muerte?— V. Consideraciones finales. t¿Te interesa el texto completo? Solicitalo al correo: koha@justierradelfuego.gov.ar  0aCIENCIA Y TECNOLOGÍA 0aINTELIGENCIA ARTIFICIAL 0aDERECHO A LA IMAGEN 0aDERECHO A LA INTIMIDAD 0aCONSENTIMIENTO 0aFIN DE LA EXISTENCIA DE LA PERSONA0 02713dCiudad Autónoma de Buenos Aires : Thomson Reuters La Ley, 2015-tRevista Código Civil y Comercial. Nº 2 - Abril 2025